Advanced techniques in biophysics (Record no. 395836)

MARC details
000 -LEADER
fixed length control field 00570 a2200217 4500
005 - DATE & TIME
control field 20260204144519.0
008 - FIXED-LENGTH DATA ELEMENTS--GENERAL INFORMATION
fixed length control field 260204b |||||||| |||| 00| 0 eng d
020 ## - ISBN
International Standard Book Number 9783540307006
Price € 129.99
040 ## - CATALOGING SOURCE
Original cataloging agency VIVEKANANDA LIBRARY
082 ## - DDC NUMBER
Classification number 571.4
Book Number A69A
100 ## - MAIN ENTRY--PERSONAL NAME
Personal name Arrondo, J L R
245 ## - TITLE STATEMENT
Title Advanced techniques in biophysics
260 ## - PUBLICATION, DISTRIBUTION, ETC. (IMPRINT)
Name of publisher, distributor, etc Springer-Verlag
Date of publication, distribution, etc 2006
Place of publication, distribution, etc Berlin
300 ## - PHYSICAL DESCRIPTION
Pages xiv, 280
440 ## - Series Statement
Series Title Springer series in biophysics; 10
650 ## - Subject
Subject Physiology
650 ## - Subject
Subject Biophysics
650 ## - Subject
Subject Microbiology
700 ## - Added Entry Personal Name
Added Entry Personal Name Alonso, Alicia, ed.
942 ## - ADDED ENTRY ELEMENTS (KOHA)
Koha item type Books
Holdings
Withdrawn status Lost status Source of classification or shelving scheme Damaged status Not for loan Location (home branch) Sublocation or collection (holding branch) Shelving location Date acquired Koha issues (times borrowed) Koha full call number Accession No. Koha date last seen Koha item type
    Dewey Decimal Classification     VIVEKANANDA LIBRARY VIVEKANANDA LIBRARY Vivekananda Library 22/01/2026   571.4 A69A 444495 22/01/2026 Books
© Designed and Maintained by Vivekananda Library, MDU Rohtak